00329nam a2200121Ia 4500008004100000041000800041082001700049100001300066245004500079260003900124300003300163365001100196240624s9999 xx 000 0 und d aeng a658.0072 LEE aLEE NICK aDOING BUSINESS RESEARCH A GUIDE TO THEOR c2008aNew DelhibSage Publications axxiii, : 423 : p. : cm. ; 24 cRSb30